[Event "Polanica Zdroj op-E 56th"]
[Site "Polanica Zdroj"]
[Date "2020.08.21"]
[Round "7"]
[White "Chojnowski, Robert"]
[Black "Kozlowski, Andrzej"]
[Result "1/2-1/2"]
[WhiteElo "1520"]
[BlackElo "1591"]
[PlyCount "88"]
[EventDate "2020.08.15"]
[EventType "swiss"]
[EventRounds "9"]
[EventCountry "POL"]
[SourceTitle "CBM 198 Extra"]
[Source "ChessBase"]
[SourceDate "2020.11.30"]
[SourceVersion "1"]
[SourceVersionDate "2020.11.30"]
[SourceQuality "1"]

1. d4 e6 2. c4 f5 3. Nc3 Nf6 4. Nf3 Bb4 5. Bg5 b6 6. e3 Bxc3+ 7. bxc3 Bb7 8. Be2 0-0 9. 0-0 d6 10. Nd2 Nbd7 11. Bf3 Bxf3 12. gxf3 Qe8 13. Bxf6 Rxf6 14. f4 e5 15. fxe5 dxe5 16. Kh1 e4 17. Rg1 Rh6 18. Rg2 Qe7 19. f3 Nf6 20. Qe2 Rf8 21. Rag1 Rf7 22. f4 Ng4 23. Rxg4 fxg4 24. Rxg4 Rff6 25. Qg2 Rhg6 26. Rxg6 Rxg6 27. Qh3 Qe8 28. d5 Rf6 29. Qg4 h5 30. Qg2 Rf7 31. Nxe4 Qa4 32. Ng5 Re7 33. Qe2 Qa3 34. Qc2 Rxe3 35. Qh7+ Kf8 36. Qh8+ Ke7 37. Qxg7+ Ke8 38. Qf7+ Kd8 39. Ne6+ Rxe6 40. Qxe6 Qc1+ 41. Kg2 Qxf4 42. Qg8+ Ke7 43. Qe6+ Kd8 44. Qg8+ Ke7 1/2-1/2

[Event "Chojnice op-B"]
[Site "Chojnice"]
[Date "2009.07.16"]
[Round "8"]
[White "Chojnowski, Robert"]
[Black "Rabeda, Grzegorz"]
[Result "1-0"]
[WhiteElo "1638"]
[BlackElo "1604"]
[PlyCount "40"]
[EventDate "2009.07.11"]
[EventType "swiss"]
[EventRounds "9"]
[EventCountry "POL"]
[SourceTitle "EXT 2011"]
[Source "ChessBase"]
[SourceDate "2010.11.26"]
[SourceVersion "1"]
[SourceVersionDate "2010.11.26"]
[SourceQuality "1"]

1. e4 e6 2. d4 d5 3. e5 c5 4. c3 Nc6 5. Nf3 cxd4 6. cxd4 Bb4+ 7. Bd2 Qb6 8. Bxb4 Qxb4+ 9. Qd2 Nge7 10. a3 Qxd2+ 11. Nbxd2 Nf5 12. Nb3 b6 13. Rc1 Bb7 14. Bd3 Nfe7 15. 0-0 0-0 16. h3 a5 17. Nh2 a4 18. Nd2 Ba6 19. Bxa6 Rxa6 20. Nhf3 Nf5 1-0

[Event "Ostroda op 5th"]
[Site "Ostroda"]
[Date "2008.08.04"]
[Round "1.11"]
[White "Tarach, Dorota"]
[Black "Chojnowski, Robert"]
[Result "1-0"]
[WhiteElo "1769"]
[BlackElo "1638"]
[PlyCount "83"]
[EventDate "2008.08.04"]
[EventType "swiss"]
[EventRounds "9"]
[EventCountry "POL"]
[SourceTitle "EXT 2023"]
[Source "ChessBase"]
[SourceDate "2022.10.05"]
[SourceVersion "1"]
[SourceVersionDate "2022.10.05"]
[SourceQuality "1"]

1. d4 e6 2. e4 d5 3. Nd2 c5 4. c3 Nc6 5. exd5 exd5 6. Nb3 c4 7. Nd2 Be6 8. Ne2 Bd6 9. Nf3 h6 10. Bf4 Nf6 11. g3 0-0 12. Bg2 Ne4 13. 0-0 b5 14. Nd2 Nf6 15. Bxd6 Qxd6 16. Nf4 a5 17. Qc2 b4 18. Nxe6 fxe6 19. Qa4 Rfc8 20. Rfe1 Nd7 21. f4 Nb6 22. Qc2 a4 23. Qg6 Re8 24. f5 Rad8 25. Rxe6 Rxe6 26. fxe6 Nd7 27. Qf7+ Kh8 28. exd7 Rxd7 29. Qe8+ Kh7 30. Bh3 Re7 31. Qh5 Re3 32. Qf5+ Kg8 33. Rf1 bxc3 34. bxc3 Rxc3 35. Qf7+ Kh8 36. Qe8+ Kh7 37. Rf8 Rxg3+ 38. Kh1 Rg1+ 39. Kxg1 Qg6+ 40. Qxg6+ Kxg6 41. Nf3 Nb4 42. Bf5+ 1-0

[Event "Chojnice op-B 2nd"]
[Site "Chojnice"]
[Date "2006.??.??"]
[Round "1"]
[White "Chojnowski, Robert"]
[Black "Starzynski, Waldemar"]
[Result "0-1"]
[WhiteElo "1800"]
[BlackElo "1935"]
[PlyCount "60"]
[EventDate "2006.07.??"]
[EventType "swiss"]
[EventRounds "9"]
[EventCountry "POL"]
[SourceTitle "EXT 2007"]
[Source "ChessBase"]
[SourceDate "2006.11.23"]
[SourceVersion "1"]
[SourceVersionDate "2006.11.23"]
[SourceQuality "1"]

1. e4 e6 2. d4 d5 3. exd5 exd5 4. c4 Nf6 5. Nc3 Be7 6. Nf3 0-0 7. c5 Re8 8. Be3 Ng4 9. Be2 Nxe3 10. fxe3 Bh4+ 11. g3 Bg5 12. 0-0 Bh3 13. Nxg5 Bxf1 14. Nxf7 Bxe2 15. Nh6+ gxh6 16. Qxe2 c6 17. Qh5 Nd7 18. Qxh6 Rf8 19. Qe6+ Kh8 20. Ne2 Rf6 21. Qh3 Qe7 22. g4 Re8 23. g5 Rg6 24. Nf4 Rxg5+ 25. Kf2 Nf6 26. Ng2 Qe4 27. Re1 Nh5 28. Re2 Reg8 29. Nh4 Rf8+ 30. Nf3 Rgf5 0-1

[Event "Chojnice op-B 2nd"]
[Site "Chojnice"]
[Date "2006.??.??"]
[Round "7"]
[White "Kantorek, Pawel"]
[Black "Chojnowski, Robert"]
[Result "1/2-1/2"]
[WhiteElo "1800"]
[BlackElo "1800"]
[PlyCount "30"]
[EventDate "2006.07.??"]
[EventType "swiss"]
[EventRounds "9"]
[EventCountry "POL"]
[SourceTitle "EXT 2007"]
[Source "ChessBase"]
[SourceDate "2006.11.23"]
[SourceVersion "1"]
[SourceVersionDate "2006.11.23"]
[SourceQuality "1"]

1. e4 c5 2. b3 Nc6 3. Bb2 e5 4. Nf3 d6 5. Bc4 Bg4 6. h3 Bh5 7. g4 Bg6 8. d3 h5 9. g5 h4 10. Qd2 Be7 11. Rg1 Qd7 12. Rh1 Qd8 13. Rg1 Qd7 14. Rh1 Qd8 15. Rg1 Qd7 1/2-1/2